[Seminario "Biodiversidad, Capital Natural y Desarrollo] : perspectivas y herramientas para la sostenibilidad" : memorias]
שמור ב:
| פורמט: | ספר |
|---|---|
| שפה: | Spanish |
| יצא לאור: |
San Pedro de Montes de Oca, C.R. : Organización para Estudios Tropicales,
[2005?].
|
| נושאים: | |
| תגים: |
הוספת תג
אין תגיות, היה/י הראשונ/ה לתייג את הרשומה!
|
MARC
| LEADER | 00000nam a2200000Ia 4500 | ||
|---|---|---|---|
| 003 | MV0011 | ||
| 005 | 20221231143934.0 | ||
| 008 | 140114s200? cr a 000 ||spa d | ||
| 040 | |c cru CEDI | ||
| 090 | |a MV 11 | ||
| 245 | |a [Seminario "Biodiversidad, Capital Natural y Desarrollo] : perspectivas y herramientas para la sostenibilidad" : memorias] | ||
| 246 | |a Memorias Seminario "Biodiversidad, Capital Natural y Desarrollo | ||
| 260 | |a San Pedro de Montes de Oca, C.R. : Organización para Estudios Tropicales, |c [2005?]. | ||
| 300 | |a 34 páginas : ilustraciones ; | ||
| 500 | |a Programa de Política Y Ciencias Ambientales (PCA) de la OET Título y subtítulo tomados de la cubierta | ||
| 501 | |||
| 651 | |x BIODIVERSIDAD |x CONSERVACION DE LOS RECURSOS NATURALES |x DESARROLLO SOSTENIBLE |9 20998 | ||
| 942 | |c MX | ||
| 999 | |c 14523 |d 14523 | ||
